[Event "Roskilde 100 aars Jubilaeum 2008"]
[Site "Roskilde"]
[Date "2008.10.18"]
[Round "9"]
[White "Madsen, Poul Henrik"]
[Black "Petrovski, Petruli"]
[Result "0-1"]
[WhiteElo "2039"]
[BlackElo "1645"]
[PlyCount "100"]
[EventDate "2008.??.??"]


1. f4 Nf6 2. Nf3 g6 3. b4 Bg7 4. Bb2 d6 5. e4 O-O 6. Qe2 b5 7. d3 Bb7 8. Nc3 a6
9. g4 Nc6 10. a3 e5 11. h4 exf4 12. Bh3 d5 13. O-O-O d4 14. Nb1 a5 15. bxa5
Rxa5 16. Qh2 Qd6 17. h5 Rfa8 18. hxg6 fxg6 19. g5 Nh5 20. Bg4 b4 21. Bxh5 bxa3
22. Bxa3 Rxa3 23. Nxa3 Rxa3 24. Bg4 Kf7 25. Kd2 Ra2 26. Rc1 Ba6 27. e5 Qb4+ 28.
Kd1 Bxd3 29. Qxf4+ Ke7 30. cxd3 Qb3+ 31. Ke1 Qxd3 32. Nd2 Nxe5 33. Rxc7+ Kd8
34. Rc8+ Ke7 35. Rc7+ Kd8 36. Rc8+ Ke7 37. Qxe5+ Bxe5 38. Rxh7+ Bg7 39. Rxg7+
Kd6 40. Nc4+ Kd5 41. Rd7+ Ke4 42. Re8+ Kf4 43. Rf8+ Kxg5 44. Rd5+ Kh6 45. Rh8+
Kg7 46. Rh3 Qe4+ 47. Ne3 dxe3 48. Rd7+ Kf6 49. Rd6+ Kg5 50. Rg3 Qh1+ 0-1